000 00318nam a22001337a 4500
008 170615b xxu||||| |||| 00| 0 eng d
020 _a9780874518528
041 _aeng
080 _a94(7/8)
100 _a16
101 _aSHH
245 _aTHE PURITAN TRADITION IN AMERICA, 1620-1730
_cVAUGHAN,A.T
942 _2udc
_cBK
999 _c17466
_d17466